000 00276nam a2200109Ia 4500
001 1276049
005 20260417160440.0
008 260417s9999 xx 000 0 und d
020 _a9786255929327
245 0 _aGüneş Nereye Kayboldu?
_cGuo Zhenyuan
260 _bKetebe Çocuk
999 _c1276049
_d1276049